The development of professional education ; the principles which have guided the reconstruction of education at Carnegie Institute of Technology, 1936-1950.

Bibliographic Details
Main Author: Doherty, Robert E. (Robert Ernest), 1885-1950
Format: Book
Language:English
Published: Pittsburgh : Carnegie Press, 1950.
Series:Carnegie Press educational papers, no. 1
Subjects:

MARC

Tag First Indicator Second Indicator Subfields
LEADER 00000cam a2200000 4500
001 in00000068411
005 20151008052003.0
008 790302s1950 pau b 00000 eng
010 |a  51005427  
035 |a (OCoLC)04707487 
035 |9 AAH1086AM 
040 |a PMC  |c PMC  |d TXA  |d UtOrBLW 
049 |a TXAM  |c [187187] 
050 0 |a LC1059  |b .D6 
092 |a 371.42  |b D655d 
100 1 |a Doherty, Robert E.  |q (Robert Ernest),  |d 1885-1950. 
245 1 4 |a The development of professional education ;  |b the principles which have guided the reconstruction of education at Carnegie Institute of Technology, 1936-1950. 
264 1 |a Pittsburgh :  |b Carnegie Press,  |c 1950. 
300 |a 58 pages ;  |c 24 cm. 
336 |a text  |b txt  |2 rdacontent 
337 |a unmediated  |b n  |2 rdamedia 
338 |a volume  |b nc  |2 rdacarrier 
490 1 |a Carnegie Press educational papers, no. 1 
504 |a "Bibliography of the educational writings of Robert E. Doherty": pages 57-58. 
610 1 0 |a Carnegie Institute of Technology. 
650 0 |a Professional education. 
810 1 |a Carnegie Institute of Technology.  |t Carnegie Press educational papers ;  |v no. 1. 
999 |a MARS 
999 f f |s 0853b01c-077e-3477-ab19-79ada1dc7c34  |i b9a6ef19-0271-3b3c-b84a-148433123350  |t 0 
952 f f |p ric  |a Texas A&M University  |b Rellis Campus  |c Joint Library Facility  |d Remote Storage  |t 0  |e LC1059 .D6  |h Library of Congress classification  |i unmediated -- volume  |m A14800837894 
998 f f |a LC1059 .D6  |t 0  |l Remote Storage